000 00335nam a22001457a 4500
008 221205b ||||| |||| 00| 0 eng d
020 _a9780495602262
041 _aeng
080 _a159.9
082 _a159.9BAU
100 _a25
101 _aPSI
245 _aSOCIAL PSYCHOLOGY AMD HUMAN NATURE
_cBAUMEISTER F R
942 _2udc
_cBK
999 _c59095
_d59095